| 000 | 00443cam a2200157 a 4500 | ||
|---|---|---|---|
| 020 | _a2213030596 : | ||
| 040 | _cDLC | ||
| 082 | 0 | 0 | _a959 FAY 1993 A101 Co. |
| 100 | 1 | _aLocard, Henri. | |
| 245 | 1 | 0 | _aPrisonnier de l'Angkar, ou, Qaṅgkār bhnaek mnas "Angkar a les yeux de l'ananas" / |
| 260 |
_a[Paris] : _bFayard, _cc1993. |
||
| 300 |
_a381 p. : _bmap ; _c22 cm. |
||
| 650 | 0 | _aPolitical atrocities | |
| 700 | 1 | _aMœung, Sonn. | |
| 942 | _cFB | ||
| 999 |
_c13522 _d13522 |
||